00574cam a22001572 4500001001100000005001700011008004100028020002700069040001500096100003200111245012500143260003800268300001200306650004200318650005600360000000864320151217152038.0080508s xx 000 0 eng d a0830817530 :cKES 1600 aKABUcKABU1 aWilkens, Steve.@000015930110aChristianity & western thought vol. 2 :ba history of philosophers, ideas & movements /cSteve Wilkens, Alan G. Padgett. aDowners Grove, IL. :bIVP,c2000. a436 p. 0aChristianityxPhilosophy.@0000157001 0aFaith and reasonxHistory of doctrines.@0000159300